Mary Poppins Fill in the Blank - Statistics

General Stats
  • This quiz has been taken 16 times
  • The average score is 6 of 16
Answer Stats
Song Lyric Answer % Correct
Jolly Holiday 'ave you ever seen, the _____ __ _____ Grass so green
82%
Chim Chim Cher-ee Can't put me finger on what lies __ ____ In store
73%
Step in Time Votes ___ ______, step in time For women
64%
The Perfect Nanny Sing songs, bring _____ Sweets
64%
Let's go Fly a Kite Up through ___ ________ The atmosphere
64%
Feed the Birds Early each day to the ____ __ _ ____ Steps of St. Paul's
55%
Brimstone and Treacle(2) Brimstone and Treacle my favorite ______ Liquor
36%
Super... She may be tricky, but ___ ______ ____ She's bloody good
36%
Cherry Tree Lane A ___________ task Straightforward
27%
A Spoonful of Sugar From the flowers to ___ ____ The comb
27%
Anything Can Happen You can move a mountain if you ___ _ _____ _____ Use a larger spade
27%
Brimstone and Treacle(1) These are the tools __ __ _____ Of my trade
18%
Practically Perfect Each trait is great and _______ _______ Patently sound
18%
A Man has Dreams A Man has Dreams, of walking ____ ___ _______ With the giants
18%
Temper, Temper This is a place of ____ Woe
18%
Good for Nothing Now don't seem so _____ any more Ideal
9%
No matching quizzes found
Score Distribution
Percent of People with Each Score
Percentile by Number Answered
Your Score History
You have not taken this quiz